| 000 | 01001nam a22003017a 4500 | ||
|---|---|---|---|
| 001 | 7996 | ||
| 003 | FISKH | ||
| 005 | 20250818112503.0 | ||
| 008 | 250818b cb ||||| |||| 00| 0 eng d | ||
| 020 | _a0439102731 | ||
| 040 |
_aFISKH _beng _cFISKH _dFISKH |
||
| 050 | _aPZ7.D8944 T | ||
| 082 | _a823.914 | ||
| 100 | _aDunbar, Joyce | ||
| 245 |
_aTell me something happy before I go to sleep / _cBy Joyce Bunbar and Debi Cliori |
||
| 250 | _aFirst Scholastic printing, September 1999 | ||
| 260 |
_aNew York : _bScholastic , _c1998. |
||
| 300 |
_a27 unnumbered pages : _bcolor illustrations ; _c27 cm . |
||
| 505 | _aG | ||
| 520 | _aWilla has trouble falling asleep until her brother reminds her of all the happy things that await her in the morning. | ||
| 521 | 8 |
_a370
_bLexile estimate |
|
| 521 | 8 |
_aG
_bRaz-Plus |
|
| 650 |
_aBrothers and sisters _vFiction |
||
| 650 |
_aSiblings _vFiction |
||
| 700 |
_aGliori, Debi _eIllustrator |
||
| 942 |
_2ddc _cBK _n0 |
||
| 999 |
_c7996 _d7996 |
||